000 01779cam a22004694i 4500
003 PE-LiUPU
005 20250731172938.0
008 150623s1992 miu rb 000 0 eng d
020 _a1871828171
035 _a(Sirsi) i9781871828177
040 _aPE-LiUPU
_bspa
_cPE-LiUPU
_erda
049 _aPRUA
082 0 4 _a221.7
_bITC
_221
100 1 _aCairns, Ian,
_eautor.
245 1 0 _aDeuteronomy :
_ba commentary on the book of; word and presence.
_n5 /
_cIan Caims.
264 1 _aMichigan :
_bWilliam B. Eerdmans Publishing Company,
_c1992.
300 _a309 páginas ;
_c21 centímetros.
336 _atext
_2rdacontent
337 _aunmediated
_2rdamedia
338 _avolume
_2rdacarrier
490 0 _aInternational Theological Commentary ;
_v5
504 _aIncluye bibliografía.
505 0 _aThe first speech of Moses.- The second speech of Moses.- The third speech of Moses. -Addenda.
526 _aSEG42
526 _aSEG41
526 _aSEG40
526 _aSEG39
526 _aP94
526 _aP87
526 _aP86
526 _aP85
526 _aP77
526 _aP76
526 _aP35
630 _aBiblia.
_pA.T.
_pDeuteronomio
_xComentarios.
942 _2ddc
_cBOOK
949 _a221.7 ITC 5
_wDEWEY
_c1
_i44464
_d2016-4-14
_e2016-3-23
_lCCODEBUL1
_mBUL
_n2
_q1
_r0
_sY
_tBOOK
_u2015-6-24
_xTEOLOGIA
_PP35
_0COMPRA
_o.CIRCNOTE. No olvidar cambiar la fecha de devolución!!!!!!!
_o.STAFF. Colección General
994 _aC0
_bPEPRU
596 _a1
999 _a221.7 ITC 5
_wDEWEY
_c21341
_i44464
_d21341
_e2016-3-23
_f2021-11-8
_g5
_lCCODEBUL1
_mBUL
_n2
_p18.00
_q2
_r1
_sY
_tBOOK
_u2015-6-24
_xTEOLOGIA
_PP35
_0COMPRA
_o.CIRCNOTE. No olvidar cambiar la fecha de devolución!!!!!!!
_o.STAFF. Colección Teología
980 _81
_gALBERTO SANCHEZ Responsable de Automatización